000 00501nam a22001697a 4500
999 _c195180
_d195180
005 20230310110051.0
010 _aENG-136310
020 _c695.00
_a9789394672093
035 _aEN-119842
037 _bDBAD/PUB
082 _a000
245 _aBank Po Quantitative Aptitude :
260 _aPitampura
_bKiran Institute Of Career Excellence Pvt Ltd
_c2014
270 _aRu-67,Opp.POwer House,Pitam Pura
_bDelhi
_e110034
300 _a1016p.
_c26cm(pbk)
942 _2ddc
_cEN
_mKIR
_h000